পেশোয়ার এক্সপ্রেস / (Record no. 442)
[ view plain ]
| 000 -LEADER | |
|---|---|
| fixed length control field | 00668nam a2200229 a 4500 |
| 001 - CONTROL NUMBER | |
| JCCL Control Number | 442 |
| 003 - CONTROL NUMBER IDENTIFIER | |
| JCCL marc code | BD-JhCC |
| 005 - DATE AND TIME OF LATEST TRANSACTION | |
| control field | 20180310092337.0 |
| 008 - FIXED-LENGTH DATA ELEMENTS--GENERAL INFORMATION | |
| fixed length control field | 171005s2010 bg ||||| |||| 00| 0 ben d |
| 020 ## - INTERNATIONAL STANDARD BOOK NUMBER | |
| International Standard Book Number | 9789848765418 |
| 035 ## - SYSTEM CONTROL NUMBER | |
| system control number | (BD-JhCC) 442 |
| 040 ## - CATALOGING SOURCE | |
| Original cataloging agency | BD-JhCC |
| Modifying agency | BD-JhCC |
| 041 ## - LANGUAGE CODE | |
| Language code of Book | ben |
| 082 ## - DEWEY DECIMAL CLASSIFICATION NUMBER | |
| Classification number | 891.1 |
| Author mark and Year | SUN 2010 |
| 100 ## - MAIN ENTRY--PERSONAL NAME | |
| Personal name | চন্দর, কৃষণ |
| 245 ## - TITLE STATEMENT | |
| Title | পেশোয়ার এক্সপ্রেস / |
| Statement of responsibility, etc | কৃষণ চন্দর |
| 260 ## - PUBLICATION, DISTRIBUTION, ETC. (IMPRINT) | |
| Place of publication, distribution, etc | ঢাকা : |
| Name of publisher, distributor, etc | প্রথমা প্রকাশন, |
| Date of publication, distribution, etc | 2010. |
| 300 ## - PHYSICAL DESCRIPTION | |
| Pagination | 80 p. : |
| Dimensions | 21 cm |
| 650 ## - SUBJECT ADDED ENTRY--TOPICAL TERM | |
| Topical term or geographic name as entry element | Short violence stories |
| Geographic subdivision | India |
| 942 ## - ADDED ENTRY ELEMENTS (KOHA) | |
| Source of classification or shelving scheme | Dewey Decimal Classification |
| Koha item type | Books |
| Source of classification or shelving scheme | Damaged status | Not for loan | Home library | Current library | Shelving location | Cost, normal purchase price | Total Checkouts | Full call number | Barcode | Date last seen | Copy number | Koha item type | Date of accession |
|---|---|---|---|---|---|---|---|---|---|---|---|---|---|
| Dewey Decimal Classification | JCC Rouf Library | JCC Rouf Library | General Stacks | 125.00 | 891.1 SUN 2010 | 1273 | 10/05/2017 | C-1 | Books | ||||
| Dewey Decimal Classification | JCC Rouf Library | JCC Rouf Library | General Stacks | 125.00 | 891.1 SUN 2010 | 1603 | 10/05/2017 | C-2 | Books | 10/05/2017 |